<?xml version="1.0" encoding="UTF-8"?>
<record
    xmlns:xsi="http://www.w3.org/2001/XMLSchema-instance"
    xsi:schemaLocation="http://www.loc.gov/MARC21/slim http://www.loc.gov/standards/marcxml/schema/MARC21slim.xsd"
    xmlns="http://www.loc.gov/MARC21/slim">

  <leader>00683nam a2200193Ia 4500</leader>
  <controlfield tag="001">14151</controlfield>
  <controlfield tag="003">GE_BSU</controlfield>
  <controlfield tag="008">181216s||||||||xx |||||||||||||| ||und||</controlfield>
  <datafield tag="040" ind1=" " ind2=" ">
    <subfield code="c">GE_BSU</subfield>
  </datafield>
  <datafield tag="080" ind1=" " ind2=" ">
    <subfield code="a">621.595</subfield>
  </datafield>
  <datafield tag="100" ind1=" " ind2=" ">
    <subfield code="a">&#x420;&#x430;&#x447;&#x435;&#x432;&#x441;&#x43A;&#x438;&#x439;,&#x411;.&#x421;. &#x420;&#x430;&#x447;&#x435;&#x432;&#x441;&#x43A;&#x438;&#x439;,&#x421;.&#x41C;. &#x420;&#x430;&#x434;&#x447;&#x438;&#x43A;,&#x418;.&#x418;.</subfield>
  </datafield>
  <datafield tag="245" ind1=" " ind2=" ">
    <subfield code="a">&#x422;&#x440;&#x430;&#x43D;&#x441;&#x43F;&#x43E;&#x440;&#x442; &#x438; &#x445;&#x440;&#x430;&#x43D;&#x435;&#x43D;&#x438;&#x435; &#x443;&#x433;&#x43B;&#x435;&#x432;&#x43E;&#x434;&#x43E;&#x440;&#x43E;&#x434;&#x43D;&#x44B;&#x445; &#x441;&#x436;&#x438;&#x436;&#x435;&#x43D;&#x43D;&#x44B;&#x445; &#x433;&#x430;&#x437;&#x43E;&#x432;.</subfield>
  </datafield>
  <datafield tag="260" ind1=" " ind2=" ">
    <subfield code="a">&#x41C;.</subfield>
  </datafield>
  <datafield tag="260" ind1=" " ind2=" ">
    <subfield code="b">&#x41D;&#x435;&#x434;&#x440;&#x430;.</subfield>
  </datafield>
  <datafield tag="260" ind1=" " ind2=" ">
    <subfield code="c">1974.</subfield>
  </datafield>
  <datafield tag="300" ind1=" " ind2=" ">
    <subfield code="a">256 &#x441;&#x442;&#x440;. 21 &#x441;&#x43C;. &#x441; &#x438;&#x43B;&#x43B;. &#x411;&#x438;&#x431;&#x43B;&#x438;&#x43E;&#x433;&#x440;.: &#x441;&#x442;&#x440;. 252-255.</subfield>
  </datafield>
  <datafield tag="653" ind1=" " ind2=" ">
    <subfield code="a">&#x422;&#x440;&#x430;&#x43D;&#x441;&#x43F;&#x43E;&#x440;&#x442; &#x438; &#x445;&#x440;&#x430;&#x43D;&#x435;&#x43D;&#x438;&#x435; &#x443;&#x433;&#x43B;&#x435;&#x432;&#x43E;&#x434;&#x43E;&#x440;&#x43E;&#x434;&#x43D;&#x44B;&#x445; &#x441;&#x436;&#x438;&#x436;&#x435;&#x43D;&#x43D;&#x44B;&#x445; &#x433;&#x430;&#x437;&#x43E;&#x432;.</subfield>
  </datafield>
  <datafield tag="942" ind1=" " ind2=" ">
    <subfield code="c">BK</subfield>
  </datafield>
  <datafield tag="999" ind1=" " ind2=" ">
    <subfield code="c">47291</subfield>
    <subfield code="d">47291</subfield>
  </datafield>
  <datafield tag="952" ind1=" " ind2=" ">
    <subfield code="0">0</subfield>
    <subfield code="1">0</subfield>
    <subfield code="4">0</subfield>
    <subfield code="7">0</subfield>
    <subfield code="9">61999</subfield>
    <subfield code="d">2018-12-17</subfield>
    <subfield code="p">10195</subfield>
    <subfield code="r">2018-12-17</subfield>
    <subfield code="w">2018-12-17</subfield>
    <subfield code="y">BK</subfield>
  </datafield>
</record>
